| 000 | 00841nam a22002177a 4500 | ||
|---|---|---|---|
| 003 | OST | ||
| 005 | 20140310182108.0 | ||
| 008 | 130824t xxu||||| |||| 00| 0 eng d | ||
| 020 | _a9780385422666 | ||
| 050 |
_aGV 546.6.C45 _b.Sch36 1993 |
||
| 082 |
_aHS 646.75 _bSch9 1993 |
||
| 100 | S |
_aSchwarzenegger, Arnold _912914 |
|
| 245 |
_aArnol'd fitness for kids ages birth-5 : a guide to health, exercise, and nutrition _b(Fitness for kids ages birth-5) _cArnold Schwarzeneger with Charles |
||
| 260 |
_aNew York : _b Fitness Publication, _c1993. |
||
| 300 |
_a101 p. : _bill. (some col.) ; _c29 cm. |
||
| 650 |
_aBody building for children _xJuvenille literature _913234 |
||
| 650 |
_aExercise for children _xJuvenile literature _913235 |
||
| 650 |
_aChildren--Nutrition _xJuvenile literature _913236 |
||
| 942 |
_2lcc _cHS |
||
| 999 |
_c9328 _d9328 |
||